[Event "19. Obert Int. Sant Marti 2017 - B"]
[Site "Barcelona ESP"]
[Date "2017.07.21"]
[Round "9.37"]
[White "Franzoni Ladron De Guevara, Enric"]
[Black "Riera Mestres, Josep"]
[Result "1-0"]
[WhiteElo "1764"]
[BlackElo "1579"]
[PlyCount "51"]
[EventDate "2017.07.13"]
[EventType "swiss"]
[EventRounds "9"]
[EventCountry "ESP"]
[SourceTitle "Ajedrez en Madrid"]
[Source "lmi"]
[SourceDate "2017.07.13"]
[SourceVersion "1"]
[SourceVersionDate "2019.06.21"]
[SourceQuality "1"]

1. e4 g6 2. d4 Bg7 3. Nf3 d6 4. h3 Nf6 5. Bd3 Nbd7 6. c4 c5 7. e5 dxe5 8. dxe5
Ng8 9. Qe2 e6 10. Nc3 a6 11. Bf4 Ne7 12. Ne4 Nf5 13. g4 Nd4 14. Nxd4 cxd4 15.
Nd6+ Ke7 16. O-O f6 17. exf6+ Bxf6 18. Rfe1 e5 19. c5 Kf8 20. Bh6+ Bg7 21. Qf3+
Qf6 22. Rxe5 Bxh6 23. Rae1 Bg5 24. Re8+ Kg7 25. R1e7+ Kh6 26. Nf7+ 1-0

[Event "19. Obert Int. Sant Marti 2017 - B"]
[Site "Barcelona ESP"]
[Date "2017.07.21"]
[Round "9.38"]
[White "Kyrkjebo, Eirik"]
[Black "Calafell Marques, Jose"]
[Result "0-1"]
[WhiteElo "1611"]
[BlackElo "1762"]
[PlyCount "90"]
[EventDate "2017.07.13"]
[EventType "swiss"]
[EventRounds "9"]
[EventCountry "ESP"]
[SourceTitle "Ajedrez en Madrid"]
[Source "lmi"]
[SourceDate "2017.07.13"]
[SourceVersion "1"]
[SourceVersionDate "2019.06.21"]
[SourceQuality "1"]

1. e4 c5 2. Nf3 d6 3. Nc3 Nf6 4. b3 Nc6 5. Bb5 Bd7 6. Bxc6 Bxc6 7. Qe2 e5 8.
O-O Be7 9. d3 O-O 10. Ne1 d5 11. f3 dxe4 12. fxe4 Qd4+ 13. Be3 Qxc3 14. Nf3 Qa5
15. Nxe5 Nd7 16. Ng4 f6 17. Rf5 Qc7 18. Raf1 Ne5 19. Rh5 Qd7 20. Nxe5 fxe5 21.
Rff5 Rxf5 22. Rxf5 Bd6 23. Qh5 Re8 24. Rf3 Re6 25. Rh3 g6 26. Qg5 Re7 27. Rg3
Rf7 28. h4 Qe7 29. Qh6 Qf8 30. Qg5 Rf1+ 31. Kh2 Qf6 32. Qh6 Bf8 33. Qg5 Qxg5
34. Rxg5 Bd6 35. h5 Kf7 36. hxg6+ hxg6 37. Rg4 Re1 38. Bg5 Re2 39. c4 Rxa2 40.
Rh4 Kg7 41. Bh6+ Kf6 42. Rh3 Be8 43. Rf3+ Ke6 44. Bg7 Be7 45. Kh3 Rb2 0-1

[Event "19. Obert Int. Sant Marti 2017 - B"]
[Site "Barcelona ESP"]
[Date "2017.07.21"]
[Round "9.39"]
[White "Salazar Navas, Josep"]
[Black "Hebert, Floriane"]
[Result "1-0"]
[WhiteElo "1733"]
[BlackElo "1567"]
[PlyCount "101"]
[EventDate "2017.07.13"]
[EventType "swiss"]
[EventRounds "9"]
[EventCountry "ESP"]
[SourceTitle "Ajedrez en Madrid"]
[Source "lmi"]
[SourceDate "2017.07.13"]
[SourceVersion "1"]
[SourceVersionDate "2019.06.21"]
[SourceQuality "1"]

1. e4 b6 2. d4 Bb7 3. Bd3 Nf6 4. Nc3 e6 5. Nge2 c5 6. d5 exd5 7. exd5 Nxd5 8.
Nxd5 Bxd5 9. Nf4 Bc6 10. O-O Be7 11. Qh5 h6 12. Re1 d5 13. Ne6 Qd7 14. Bg6 Rf8
15. Bxh6 gxh6 16. Nxf8 Qd6 17. Re6 Qf4 18. Rae1 Kxf8 19. Bxf7 Qxf7 20. Qxh6+
Qg7 21. Qf4+ Qf7 22. Qxf7+ Kxf7 23. Rxe7+ Kf8 24. Rc7 Bb5 25. Ree7 Nc6 26. Rh7
Kg8 27. f3 Re8 28. b3 Re1+ 29. Kf2 Re2+ 30. Kg3 Nd4 31. a4 Be8 32. Rcg7+ Kf8
33. Rxa7 Kg8 34. Rhb7 Nf5+ 35. Kf4 Nd6 36. Re7 Rxe7 37. Rxe7 Kf8 38. Rc7 Bg6
39. c3 Bc2 40. Ke5 Ne8 41. Rc8 Bxb3 42. Ra8 Ke7 43. Ra7+ Kd8 44. h4 Nc7 45. h5
Kc8 46. Kd6 Ne8+ 47. Kc6 Kb8 48. Kxb6 d4 49. cxd4 cxd4 50. Rd7 Kc8 51. Rxd4 1-0

[Event "19. Obert Int. Sant Marti 2017 - B"]
[Site "Barcelona ESP"]
[Date "2017.07.21"]
[Round "9.40"]
[White "Bois D`enghien, Noumea"]
[Black "Ramon Herraez, Alex"]
[Result "0-1"]
[WhiteElo "1270"]
[BlackElo "1694"]
[PlyCount "122"]
[EventDate "2017.07.13"]
[EventType "swiss"]
[EventRounds "9"]
[EventCountry "ESP"]
[SourceTitle "Ajedrez en Madrid"]
[Source "lmi"]
[SourceDate "2017.07.13"]
[SourceVersion "1"]
[SourceVersionDate "2019.06.21"]
[SourceQuality "1"]

1. e4 d5 2. exd5 Qxd5 3. Nc3 Qd6 4. Nf3 Nf6 5. Bc4 a6 6. Qe2 b5 7. Bb3 Bb7 8.
d3 e6 9. Bg5 Be7 10. O-O-O O-O 11. Ne4 Nxe4 12. dxe4 Bxg5+ 13. Nxg5 Qf4+ 14.
Qd2 Qxd2+ 15. Rxd2 h6 16. Nxe6 fxe6 17. Bxe6+ Kh8 18. f3 c5 19. Bf5 Nc6 20.
Rhd1 Rfd8 21. Rxd8+ Rxd8 22. Rxd8+ Nxd8 23. Kd2 Kg8 24. g4 Kf8 25. Bg6 Ne6 26.
Ke3 Ke7 27. h4 Kf6 28. Be8 Ke5 29. c3 Nf4 30. h5 Bc8 31. Bc6 g6 32. hxg6 Nxg6
33. Be8 Nf4 34. Bc6 h5 35. gxh5 Nxh5 36. Be8 Nf6 37. f4+ Ke6 38. Bg6 Bb7 39.
Bf5+ Ke7 40. Bg6 Bc6 41. Bf5 a5 42. a3 a4 43. Bg6 Bd7 44. e5 Nd5+ 45. Ke4 Bc6
46. Kf5 Ne3+ 47. Kg5 Nd1 48. f5 Bd5 49. Kh6 Kf8 50. f6 Be6 51. Kg5 Ne3 52. Kf4
Nc4 53. Bf5 Kf7 54. Ke4 Nb6 55. Kf4 Nd5+ 56. Kg5 Nc7 57. Be4 Bc4 58. Bc6 Ke6
59. Kg6 Kxe5 60. f7 Ne6 61. Bd7 Nf8+ 0-1

[Event "19. Obert Int. Sant Marti 2017 - B"]
[Site "Barcelona ESP"]
[Date "2017.07.21"]
[Round "9.41"]
[White "Minko, Olga"]
[Black "Gimenez Canadas, Carlos"]
[Result "1-0"]
[WhiteElo "1563"]
[BlackElo "1764"]
[PlyCount "69"]
[EventDate "2017.07.13"]
[EventType "swiss"]
[EventRounds "9"]
[EventCountry "ESP"]
[SourceTitle "Ajedrez en Madrid"]
[Source "lmi"]
[SourceDate "2017.07.13"]
[SourceVersion "1"]
[SourceVersionDate "2019.06.21"]
[SourceQuality "1"]

1. e4 c5 2. Nf3 Nc6 3. d4 cxd4 4. Nxd4 g6 5. Nc3 Bg7 6. Be3 Nf6 7. f3 O-O 8. g4
Qb6 9. Ncb5 a6 10. Nf5 Qd8 11. Nxg7 axb5 12. Bh6 Qa5+ 13. c3 Rd8 14. Qd2 d5 15.
Nh5 Nxh5 16. gxh5 dxe4 17. Qf4 exf3 18. hxg6 hxg6 19. Rg1 Be6 20. Qe4 f2+ 21.
Kxf2 Qb6+ 22. Be3 Qc7 23. Rxg6+ Kf8 24. Bh6+ Ke8 25. Rg8+ Kd7 26. Rd1+ Kc8 27.
Rdxd8+ Nxd8 28. Bf4 Qc5+ 29. Be3 Qd6 30. Bg2 Qc7 31. a3 Ra4 32. Qd3 Bc4 33.
Rxd8+ Qxd8 34. Bxb7+ Kc7 35. Bb6+ 1-0

[Event "19. Obert Int. Sant Marti 2017 - B"]
[Site "Barcelona ESP"]
[Date "2017.07.21"]
[Round "9.42"]
[White "Munoz Lozano, Jorge Manuel"]
[Black "Llombart Baiges, Jaime"]
[Result "1-0"]
[WhiteElo "1759"]
[BlackElo "1622"]
[PlyCount "55"]
[EventDate "2017.07.13"]
[EventType "swiss"]
[EventRounds "9"]
[EventCountry "ESP"]
[SourceTitle "Ajedrez en Madrid"]
[Source "lmi"]
[SourceDate "2017.07.13"]
[SourceVersion "1"]
[SourceVersionDate "2019.06.21"]
[SourceQuality "1"]

1. e4 c5 2. Nc3 Nc6 3. g3 g6 4. Bg2 Bg7 5. d3 Nf6 6. Nh3 d6 7. O-O Bxh3 8. Bxh3
O-O 9. Be3 Nd7 10. Qd2 Nde5 11. f4 Nd7 12. Nd1 e6 13. c3 b6 14. Nf2 f5 15. Rad1
d5 16. exd5 exd5 17. d4 c4 18. Bg2 Nf6 19. Qc2 Re8 20. Bc1 Qd6 21. Qa4 Re7 22.
b3 Qc7 23. bxc4 Ne4 24. cxd5 Na5 25. Nxe4 fxe4 26. Qc2 e3 27. Bxe3 Rxe3 28. d6
1-0

[Event "19. Obert Int. Sant Marti 2017 - B"]
[Site "Barcelona ESP"]
[Date "2017.07.21"]
[Round "9.43"]
[White "Ferre Navarro, Joan"]
[Black "Pereda Villalba, Julian"]
[Result "1/2-1/2"]
[WhiteElo "1587"]
[BlackElo "1719"]
[PlyCount "58"]
[EventDate "2017.07.13"]
[EventType "swiss"]
[EventRounds "9"]
[EventCountry "ESP"]
[SourceTitle "Ajedrez en Madrid"]
[Source "lmi"]
[SourceDate "2017.07.13"]
[SourceVersion "1"]
[SourceVersionDate "2019.06.21"]
[SourceQuality "1"]

1. d4 d5 2. Nf3 Nf6 3. Bf4 c6 4. e3 Bg4 5. Bd3 h6 6. h3 Bd7 7. Nbd2 Qc8 8. Ne5
Bf5 9. Qf3 Bxd3 10. Nxd3 Qf5 11. Be5 Qxf3 12. Nxf3 Nbd7 13. Bh2 e6 14. O-O Ne4
15. Nfe5 Nxe5 16. Nxe5 Bd6 17. f3 Bxe5 18. Bxe5 Nf6 19. Bxf6 gxf6 20. Rac1 Rg8
21. c4 Kd7 22. e4 dxc4 23. Rxc4 Rg5 24. f4 Rg3 25. Kh2 Rag8 26. Rf2 Rd3 27.
Rfc2 Rc8 28. R2c3 Rd2 29. Rc2 Rd3 1/2-1/2

[Event "19. Obert Int. Sant Marti 2017 - B"]
[Site "Barcelona ESP"]
[Date "2017.07.21"]
[Round "9.44"]
[White "Gibert Juan, Ramon"]
[Black "Subirana Santos, Marc"]
[Result "1-0"]
[WhiteElo "1580"]
[BlackElo "1679"]
[PlyCount "93"]
[EventDate "2017.07.13"]
[EventType "swiss"]
[EventRounds "9"]
[EventCountry "ESP"]
[SourceTitle "Ajedrez en Madrid"]
[Source "lmi"]
[SourceDate "2017.07.13"]
[SourceVersion "1"]
[SourceVersionDate "2019.06.21"]
[SourceQuality "1"]

1. d4 Nf6 2. c4 g6 3. Nc3 Bg7 4. e4 d6 5. Be2 O-O 6. h3 e5 7. d5 a5 8. Nf3 Na6
9. O-O Nc5 10. Qc2 h6 11. Be3 b6 12. b3 Nh5 13. Qd2 Kh7 14. Nh2 Nf4 15. Bg4
Nxe4 16. Nxe4 f5 17. Bf3 fxe4 18. Bxe4 Bf5 19. Qc2 Bxe4 20. Qxe4 Qf6 21. Rae1
Qf5 22. Qb1 Qxb1 23. Rxb1 Ne2+ 24. Kh1 Rf7 25. Rbe1 Nf4 26. Nf3 Raf8 27. Kh2
Nxg2 28. Ng5+ hxg5 29. Kxg2 Rf5 30. Rg1 Bh6 31. Rh1 Kg7 32. Re2 Rf3 33. Rg1
R8f5 34. Kh2 Kh7 35. Rg4 Kg7 36. Kg2 Kh7 37. Kh2 Rf7 38. h4 R3f5 39. hxg5 Bf8
40. Kg2 Be7 41. Rh4+ Kg7 42. f4 exf4 43. Bd4+ Re5 44. Rxe5 f3+ 45. Kf2 dxe5 46.
Bxe5+ Bf6 47. Bxf6+ 1-0

[Event "19. Obert Int. Sant Marti 2017 - B"]
[Site "Barcelona ESP"]
[Date "2017.07.21"]
[Round "9.45"]
[White "Escofet Llongueras, Joan"]
[Black "Gomez Guinovart, Josep Manel"]
[Result "1-0"]
[WhiteElo "1676"]
[BlackElo "1601"]
[PlyCount "47"]
[EventDate "2017.07.13"]
[EventType "swiss"]
[EventRounds "9"]
[EventCountry "ESP"]
[SourceTitle "Ajedrez en Madrid"]
[Source "lmi"]
[SourceDate "2017.07.13"]
[SourceVersion "1"]
[SourceVersionDate "2019.06.21"]
[SourceQuality "1"]

1. c4 Nf6 2. Nc3 e6 3. g3 d5 4. cxd5 exd5 5. d4 Be7 6. Bg2 c6 7. Nf3 O-O 8. O-O
Re8 9. a3 h6 10. Qc2 Nbd7 11. b4 Nb6 12. b5 Bd7 13. Ne5 cxb5 14. Qb3 a6 15.
Nxd5 Be6 16. Nxe7+ Rxe7 17. Qd3 Rc8 18. Bd2 Nc4 19. Bb4 Rec7 20. f4 Bd5 21. e4
Bc6 22. d5 Nxe5 23. fxe5 Nh7 24. Bd6 1-0

[Event "19. Obert Int. Sant Marti 2017 - B"]
[Site "Barcelona ESP"]
[Date "2017.07.21"]
[Round "9.46"]
[White "Gonzalez Canovas, Sebastia"]
[Black "Pascual Gonzalez-Novelles, David"]
[Result "1-0"]
[WhiteElo "1657"]
[BlackElo "1593"]
[PlyCount "95"]
[EventDate "2017.07.13"]
[EventType "swiss"]
[EventRounds "9"]
[EventCountry "ESP"]
[SourceTitle "Ajedrez en Madrid"]
[Source "lmi"]
[SourceDate "2017.07.13"]
[SourceVersion "1"]
[SourceVersionDate "2019.06.21"]
[SourceQuality "1"]

1. c4 g6 2. Nc3 Nf6 3. g3 Bg7 4. Nf3 d6 5. Bg2 O-O 6. O-O Nbd7 7. d3 c5 8. Rb1
Rb8 9. Bd2 a6 10. a4 b6 11. Qc1 Bb7 12. Bh6 Ng4 13. Bxg7 Kxg7 14. Re1 Qc7 15.
b3 e6 16. Qb2 Kg8 17. e4 Nge5 18. Qd2 Nxf3+ 19. Bxf3 Ne5 20. Bg2 f5 21. f4 Nf7
22. exf5 exf5 23. Nd5 Qd8 24. Qc3 Bxd5 25. Bxd5 Re8 26. Rxe8+ Qxe8 27. Re1 Qf8
28. Qf6 Re8 29. Re6 Rxe6 30. Bxe6 Qe8 31. Bxf7+ Qxf7 32. Qxd6 Qb7 33. Kf2 Kg7
34. Qe5+ Kf7 35. h4 Qd7 36. Ke3 Qb7 37. d4 Qg2 38. Qd5+ Qxd5 39. cxd5 Ke7 40.
dxc5 bxc5 41. Kd3 Kd6 42. Kc4 h6 43. b4 cxb4 44. Kxb4 Kxd5 45. Ka5 Kc6 46. Kxa6
h5 47. a5 Kc7 48. Kb5 1-0

[Event "19. Obert Int. Sant Marti 2017 - B"]
[Site "Barcelona ESP"]
[Date "2017.07.21"]
[Round "9.47"]
[White "Jimenez Molina, Victor"]
[Black "Martinez Navarro, Miquel"]
[Result "0-1"]
[WhiteElo "1646"]
[BlackElo "1547"]
[PlyCount "84"]
[EventDate "2017.07.13"]
[EventType "swiss"]
[EventRounds "9"]
[EventCountry "ESP"]
[SourceTitle "Ajedrez en Madrid"]
[Source "lmi"]
[SourceDate "2017.07.13"]
[SourceVersion "1"]
[SourceVersionDate "2019.06.21"]
[SourceQuality "1"]

1. e4 e5 2. Nf3 Nc6 3. Bb5 d6 4. O-O Bd7 5. c3 a6 6. Bc4 Be7 7. d4 Nf6 8. Re1
Bg4 9. h3 Bh5 10. Bb3 exd4 11. cxd4 Bxf3 12. gxf3 Na5 13. Bc2 h6 14. Qe2 Qd7
15. Qf1 O-O 16. Qg2 Kh8 17. b3 Nc6 18. Bb2 Nb4 19. Na3 Nxc2 20. Nxc2 Nh7 21. e5
d5 22. Ne3 c6 23. e6 fxe6 24. Ng4 Bd6 25. Ne5 Bxe5 26. Rxe5 Rf6 27. Rae1 Ng5
28. f4 Rxf4 29. Rxg5 hxg5 30. Ba3 Kh7 31. Qxg5 Qf7 32. Re5 Rf6 33. Qh4+ Rh6 34.
Qg3 Rg6 35. Rg5 Rxg5 36. Qxg5 Qg6 37. h4 Qxg5+ 38. hxg5 Re8 39. f4 Kg6 40. Kg2
Kf5 41. Kf3 Rh8 42. Kg3 Rh1 0-1

[Event "19. Obert Int. Sant Marti 2017 - B"]
[Site "Barcelona ESP"]
[Date "2017.07.21"]
[Round "9.48"]
[White "Zubimendi Felip, Ricard"]
[Black "Mahi, Amit Doshi"]
[Result "0-1"]
[WhiteElo "1625"]
[BlackElo "1268"]
[PlyCount "122"]
[EventDate "2017.07.13"]
[EventType "swiss"]
[EventRounds "9"]
[EventCountry "ESP"]
[SourceTitle "Ajedrez en Madrid"]
[Source "lmi"]
[SourceDate "2017.07.13"]
[SourceVersion "1"]
[SourceVersionDate "2019.06.21"]
[SourceQuality "1"]

1. e4 c5 2. Nf3 d6 3. d4 cxd4 4. Nxd4 Nf6 5. Nc3 g6 6. h3 Bg7 7. Be3 O-O 8. Bc4
Nc6 9. O-O Bd7 10. Qd2 a6 11. a4 Rc8 12. Bb3 e6 13. Rad1 Nxd4 14. Bxd4 b5 15.
axb5 Bxb5 16. Nxb5 axb5 17. Qe3 Rc6 18. Qf3 e5 19. Bxe5 Qe7 20. Bxf6 Qxf6 21.
Qxf6 Bxf6 22. c3 b4 23. cxb4 Rb6 24. Rd3 Rxb4 25. Rxd6 Rxb3 26. Rxf6 Rxb2 27.
Ra6 Re2 28. f3 Rb8 29. Rf2 Rb1+ 30. Rf1 Rbb2 31. Rfa1 Rxg2+ 32. Kf1 Rbf2+ 33.
Ke1 Rxf3 34. Ra8+ Kg7 35. R1a4 Rxh3 36. Kf1 Rb2 37. Kg1 Rc3 38. Ra1 Re3 39. Rf1
Rb7 40. Ra4 Re7 41. Rf4 g5 42. Rg4 f6 43. Kf2 Rb3 44. Ra5 h5 45. Rg1 Rxe4 46.
Ra7+ Kg6 47. Rc1 h4 48. Rcc7 Rf4+ 49. Ke2 Rb2+ 50. Ke3 h3 51. Rg7+ Kh5 52. Rh7+
Kg4 53. Ra1 Rb3+ 54. Ke2 Rg3 55. Rh1 Rg2+ 56. Ke3 Rf3+ 57. Ke4 Rgg3 58. Rb1 f5+
59. Ke5 Rg2 60. Rb4+ Kg3 61. Rbh4 gxh4 0-1

[Event "19. Obert Int. Sant Marti 2017 - B"]
[Site "Barcelona ESP"]
[Date "2017.07.21"]
[Round "9.49"]
[White "Rodriguez Monago, Juan Antonio"]
[Black "Bouzas Arcos, Juan Manuel"]
[Result "1/2-1/2"]
[WhiteElo "1468"]
[BlackElo "1771"]
[PlyCount "58"]
[EventDate "2017.07.13"]
[EventType "swiss"]
[EventRounds "9"]
[EventCountry "ESP"]
[SourceTitle "Ajedrez en Madrid"]
[Source "lmi"]
[SourceDate "2017.07.13"]
[SourceVersion "1"]
[SourceVersionDate "2019.06.21"]
[SourceQuality "1"]

1. d4 f5 2. Nf3 e6 3. Bf4 Nf6 4. h3 Be7 5. e3 O-O 6. Bc4 d5 7. Bb3 a5 8. a4 b6
9. O-O Ba6 10. Re1 Nbd7 11. Nbd2 Ne4 12. Ne5 Nxe5 13. Bxe5 Bh4 14. g3 Bf6 15.
Nf3 Rc8 16. Rc1 Qe8 17. c4 c6 18. cxd5 exd5 19. Ba2 Kh8 20. Qb3 Bc4 21. Rxc4
dxc4 22. Qxc4 b5 23. Qc2 b4 24. Qb3 h6 25. Rc1 Bxe5 26. Nxe5 Nd2 27. Qe6 Qxe6
28. Bxe6 Nb3 29. Bxb3 Rf6 1/2-1/2

[Event "19. Obert Int. Sant Marti 2017 - B"]
[Site "Barcelona ESP"]
[Date "2017.07.21"]
[Round "9.50"]
[White "Elizondo Marquet, Juan Marcos"]
[Black "Sagar, Siya"]
[Result "0-1"]
[WhiteElo "1887"]
[BlackElo "1608"]
[PlyCount "74"]
[EventDate "2017.07.13"]
[EventType "swiss"]
[EventRounds "9"]
[EventCountry "ESP"]
[SourceTitle "Ajedrez en Madrid"]
[Source "lmi"]
[SourceDate "2017.07.13"]
[SourceVersion "1"]
[SourceVersionDate "2019.06.21"]
[SourceQuality "1"]

1. e4 e5 2. Nf3 Nc6 3. d4 exd4 4. Nxd4 Bc5 5. Nb3 Bb6 6. Nc3 Nf6 7. Qe2 O-O 8.
Be3 Re8 9. f3 Bxe3 10. Qxe3 a6 11. O-O-O d6 12. g4 b5 13. h4 b4 14. Ne2 a5 15.
Ned4 Nxd4 16. Nxd4 Nd5 17. Qd2 Nb6 18. g5 Bb7 19. Bb5 Re5 20. Nc6 Bxc6 21. Bxc6
Rb8 22. f4 Rc5 23. Bd5 c6 24. Bb3 a4 25. Bxf7+ Kxf7 26. Qxb4 Rc4 27. Qa3 Rxe4
28. Rxd6 Qe7 29. Rhd1 Nc4 30. Qg3 Nxd6 31. f5 Qe5 32. g6+ hxg6 33. Qxg6+ Kg8
34. c3 Re1 35. Qg4 Qe3+ 36. Kc2 Re2+ 37. Kb1 Rbxb2+ 0-1

[Event "19. Obert Int. Sant Marti 2017 - B"]
[Site "Barcelona ESP"]
[Date "2017.07.21"]
[Round "9.51"]
[White "Serra Vilaro, Agustin"]
[Black "Rodriguez Beltran, Fernando"]
[Result "0-1"]
[WhiteElo "1770"]
[BlackElo "1553"]
[PlyCount "68"]
[EventDate "2017.07.13"]
[EventType "swiss"]
[EventRounds "9"]
[EventCountry "ESP"]
[SourceTitle "Ajedrez en Madrid"]
[Source "lmi"]
[SourceDate "2017.07.13"]
[SourceVersion "1"]
[SourceVersionDate "2019.06.21"]
[SourceQuality "1"]

1. d4 d5 2. c3 Nf6 3. Nd2 Bf5 4. Qb3 Qc8 5. e3 e6 6. f4 c5 7. Be2 Nc6 8. Ngf3
h6 9. O-O Bd6 10. Ne5 O-O 11. Qd1 c4 12. Bf3 Be7 13. g4 Bh7 14. Qe1 Nxe5 15.
fxe5 Nd7 16. e4 Nb6 17. exd5 Nxd5 18. Ne4 f5 19. gxf5 Bxf5 20. Qg3 g5 21. Bd2
Kh7 22. Rf2 Rg8 23. Kh1 g4 24. Bg2 Qd8 25. Nf6+ Nxf6 26. exf6 Bxf6 27. Rxf5
exf5 28. Qf4 Rg5 29. Re1 Qb8 30. Qf1 Rh5 31. Bf4 Qg8 32. Qe2 Bh4 33. Rf1 Re8
34. Be5 Bg3 0-1

[Event "19. Obert Int. Sant Marti 2017 - B"]
[Site "Barcelona ESP"]
[Date "2017.07.21"]
[Round "9.52"]
[White "Olleta Tanya, Jordi"]
[Black "Volart Buil, Jordi"]
[Result "0-1"]
[WhiteElo "1450"]
[BlackElo "1754"]
[PlyCount "84"]
[EventDate "2017.07.13"]
[EventType "swiss"]
[EventRounds "9"]
[EventCountry "ESP"]
[SourceTitle "Ajedrez en Madrid"]
[Source "lmi"]
[SourceDate "2017.07.13"]
[SourceVersion "1"]
[SourceVersionDate "2019.06.21"]
[SourceQuality "1"]

1. d4 Nf6 2. Nf3 c5 3. c3 d5 4. e3 Nc6 5. Be2 Qc7 6. Nbd2 e5 7. dxe5 Nxe5 8.
Nxe5 Qxe5 9. Nf3 Qc7 10. h3 Bd6 11. Qa4+ Bd7 12. Qh4 Be7 13. Qg3 Qxg3 14. fxg3
Ne4 15. g4 Bd6 16. O-O O-O 17. Bd3 f5 18. gxf5 Bxf5 19. Be2 Bd7 20. Nd2 Rxf1+
21. Nxf1 Rf8 22. Bf3 Bb5 23. Nd2 Nf6 24. b3 Re8 25. c4 Bc6 26. Bb2 Be5 27. Bxe5
Rxe5 28. Kf2 g5 29. g4 Be8 30. Re1 h5 31. cxd5 hxg4 32. hxg4 Bd7 33. Nc4 Re7
34. d6 Ne4+ 35. Kg2 Re6 36. Rd1 b5 37. Be2 Nc3 38. Rd2 Nxe2 39. Nb2 Nc3 40. Kf3
Rf6+ 41. Kg2 Ne4 42. Nd1 Nxd2 0-1

[Event "19. Obert Int. Sant Marti 2017 - B"]
[Site "Barcelona ESP"]
[Date "2017.07.21"]
[Round "9.53"]
[White "Mercader Rubio, Luis"]
[Black "Bailly, Axel"]
[Result "1-0"]
[WhiteElo "1747"]
[BlackElo "1470"]
[PlyCount "69"]
[EventDate "2017.07.13"]
[EventType "swiss"]
[EventRounds "9"]
[EventCountry "ESP"]
[SourceTitle "Ajedrez en Madrid"]
[Source "lmi"]
[SourceDate "2017.07.13"]
[SourceVersion "1"]
[SourceVersionDate "2019.06.21"]
[SourceQuality "1"]

1. e4 e5 2. Nf3 Nc6 3. Bb5 d6 4. O-O Nf6 5. Re1 Be7 6. d4 O-O 7. d5 Nd4 8. Nxd4
exd4 9. Qxd4 c6 10. dxc6 Qa5 11. Nc3 Ng4 12. Bd2 Bf6 13. Qd3 bxc6 14. Bxc6 Qb6
15. Bxa8 Qxf2+ 16. Kh1 Qh4 17. Qg3 Qxg3 18. hxg3 Bd7 19. Bd5 Bd4 20. Nd1 Kh8
21. Be3 Be5 22. Bf4 Bd4 23. c3 Bb6 24. Bxd6 Rc8 25. Bxf7 Rc6 26. e5 Nxe5 27.
Rxe5 Rxd6 28. b3 Rf6 29. Nb2 Rxf7 30. Rae1 h6 31. Nc4 Bf2 32. Rf1 Bg4 33. Nd6
Bxg3 34. Nxf7+ Kh7 35. Ra5 1-0

[Event "19. Obert Int. Sant Marti 2017 - B"]
[Site "Barcelona ESP"]
[Date "2017.07.21"]
[Round "9.54"]
[White "Valero Recalde, Pablo"]
[Black "Bienvenido Kleque, Jose"]
[Result "1-0"]
[WhiteElo "1730"]
[BlackElo "1468"]
[PlyCount "69"]
[EventDate "2017.07.13"]
[EventType "swiss"]
[EventRounds "9"]
[EventCountry "ESP"]
[SourceTitle "Ajedrez en Madrid"]
[Source "lmi"]
[SourceDate "2017.07.13"]
[SourceVersion "1"]
[SourceVersionDate "2019.06.21"]
[SourceQuality "1"]

1. c4 c5 2. g3 Nf6 3. Bg2 g6 4. Nc3 Bg7 5. Rb1 O-O 6. a3 d6 7. b4 Nbd7 8. Qc2
a6 9. e3 Rb8 10. Nge2 Re8 11. O-O cxb4 12. Rxb4 Nc5 13. d4 Bf5 14. e4 Ncxe4 15.
Nxe4 Nxe4 16. Bxe4 Bxe4 17. Qxe4 Qd7 18. Be3 Rbc8 19. c5 dxc5 20. dxc5 e6 21.
Rxb7 Rc7 22. Rfb1 Rec8 23. Rxc7 Rxc7 24. Rb8+ Rc8 25. Rxc8+ Qxc8 26. c6 Qc7 27.
Qc4 Bf8 28. Qxa6 Bd6 29. Bh6 Qb8 30. Qb7 Qd8 31. a4 Bc7 32. Nc3 Ba5 33. Qd7 Qb8
34. Nb5 Bc7 35. Qxc7 1-0

[Event "19. Obert Int. Sant Marti 2017 - B"]
[Site "Barcelona ESP"]
[Date "2017.07.21"]
[Round "9.55"]
[White "Codina Blasco, Joan"]
[Black "Lobo Pereira, Arami"]
[Result "1-0"]
[WhiteElo "1722"]
[BlackElo "1206"]
[PlyCount "41"]
[EventDate "2017.07.13"]
[EventType "swiss"]
[EventRounds "9"]
[EventCountry "ESP"]
[SourceTitle "Ajedrez en Madrid"]
[Source "lmi"]
[SourceDate "2017.07.13"]
[SourceVersion "1"]
[SourceVersionDate "2019.06.21"]
[SourceQuality "1"]

1. e4 c5 2. Nf3 d6 3. d4 cxd4 4. Nxd4 Nf6 5. Nc3 g6 6. Be3 Bg7 7. f3 O-O 8. Qd2
Nc6 9. Bc4 Bd7 10. O-O-O Rc8 11. Bb3 Nxd4 12. Bxd4 b5 13. Nd5 Nxd5 14. Bxg7
Kxg7 15. Bxd5 Kg8 16. h4 a5 17. h5 b4 18. hxg6 e6 19. Qh6 Re8 20. Qxh7+ Kf8 21.
Qxf7# 1-0

[Event "19. Obert Int. Sant Marti 2017 - B"]
[Site "Barcelona ESP"]
[Date "2017.07.21"]
[Round "9.57"]
[White "Martinez Hernandez, Emili"]
[Black "Prokudin, Igor"]
[Result "1/2-1/2"]
[WhiteElo "1823"]
[BlackElo "1371"]
[PlyCount "67"]
[EventDate "2017.07.13"]
[EventType "swiss"]
[EventRounds "9"]
[EventCountry "ESP"]
[SourceTitle "Ajedrez en Madrid"]
[Source "lmi"]
[SourceDate "2017.07.13"]
[SourceVersion "1"]
[SourceVersionDate "2019.06.21"]
[SourceQuality "1"]

1. d4 d5 2. Nf3 Nf6 3. c4 e6 4. Nc3 Be7 5. Bg5 h6 6. Bxf6 Bxf6 7. e3 O-O 8. Bd3
b6 9. cxd5 exd5 10. Qe2 Bb7 11. O-O Nd7 12. Rac1 c5 13. dxc5 Nxc5 14. Bb1 Ne4
15. Rfd1 Nxc3 16. Rxc3 Bxc3 17. Qc2 g6 18. Qxc3 Rc8 19. Qe5 Re8 20. Qf4 h5 21.
Qh6 Qf6 22. Ng5 Qg7 23. Qxg7+ Kxg7 24. Kf1 Rc6 25. Nf3 Rec8 26. Nd4 Rc1 27. Ke1
Rxd1+ 28. Kxd1 Kf6 29. Kd2 Bc6 30. Bd3 Bd7 31. Ba6 Rb8 32. Bd3 Ke7 33. f4 f5
34. Nf3 1/2-1/2